<?xml version="1.0" encoding="UTF-8"?>
<collection xmlns="http://www.loc.gov/MARC21/slim">
 <record>
  <leader>01597nam a2200253 a 4500</leader>
  <controlfield tag="001">1/53133</controlfield>
  <controlfield tag="008">210812s2020    gr            000 | gre d</controlfield>
  <datafield tag="040" ind1=" " ind2=" ">
   <subfield code="a">GR-PeUP</subfield>
  </datafield>
  <datafield tag="082" ind1="0" ind2="0">
   <subfield code="a">938.03 ΘΕΡ</subfield>
  </datafield>
  <datafield tag="245" ind1="0" ind2="0">
   <subfield code="a">Θερμοπύλες - Σαλαμίνα 2020 :</subfield>
   <subfield code="b">νίκη αιώνιων ιδεών και αξιών, 2500 χρόνια, αφιερωματικός τόμος = Thermopylae - Salamis 2020 : victory of eternal ideas and values, 2500 years, anniversary edition /</subfield>
   <subfield code="c">[μετάφραση Ελένη Πετροπούλου].</subfield>
  </datafield>
  <datafield tag="260" ind1=" " ind2=" ">
   <subfield code="a">Αθήνα : </subfield>
   <subfield code="b">Ίδρυμα Μαριάννα Β. Βαρδινογιάννη, </subfield>
   <subfield code="c">[2020].</subfield>
  </datafield>
  <datafield tag="300" ind1=" " ind2=" ">
   <subfield code="a">857 σ. : </subfield>
   <subfield code="b">εικ. ; </subfield>
   <subfield code="c">31 εκ. +</subfield>
   <subfield code="e">1 βιντεοδίσκος (DVD)</subfield>
  </datafield>
  <datafield tag="500" ind1=" " ind2=" ">
   <subfield code="a">Παράλληλο κείμενο στα ελληνικά και αγγλικά.</subfield>
  </datafield>
  <datafield tag="500" ind1=" " ind2=" ">
   <subfield code="a">Τίτλος στα αγγλικά: Thermopylae - Salamis 2020 : victory of eternal ideas and values, 2500 years, anniversary edition.</subfield>
  </datafield>
  <datafield tag="504" ind1=" " ind2=" ">
   <subfield code="a">Περιλαμβάνει βιβλιογραφίες.</subfield>
  </datafield>
  <datafield tag="651" ind1=" " ind2="4">
   <subfield code="a">Θερμοπύλες, Μάχη των, 480 π.Χ.</subfield>
  </datafield>
  <datafield tag="651" ind1=" " ind2="4">
   <subfield code="a">Σαλαμίνα, Ναυμαχία της, 480 π.Χ.</subfield>
  </datafield>
  <datafield tag="651" ind1=" " ind2="4">
   <subfield code="a">Ελλάδα </subfield>
   <subfield code="x">Ιστορία</subfield>
   <subfield code="x">Περσικοί πόλεμοι, 500-479 π.Χ.</subfield>
  </datafield>
  <datafield tag="651" ind1=" " ind2="0">
   <subfield code="a">Salamis, Battle of, Greece, 480 B.C.</subfield>
  </datafield>
  <datafield tag="651" ind1=" " ind2="0">
   <subfield code="a">Thermopylae, Battle of, Greece, 480 B.C.</subfield>
  </datafield>
  <datafield tag="651" ind1=" " ind2="0">
   <subfield code="a">Greece</subfield>
   <subfield code="x">History</subfield>
   <subfield code="x">Persian Wars, 500-449 B.C. </subfield>
   <subfield code="x">Campaigns.</subfield>
  </datafield>
  <datafield tag="700" ind1="1" ind2=" ">
   <subfield code="a">Πετροπούλου, Ελένη.</subfield>
  </datafield>
  <datafield tag="852" ind1=" " ind2=" ">
   <subfield code="a">INST</subfield>
   <subfield code="b">UNIPILB</subfield>
   <subfield code="c">MAIN</subfield>
   <subfield code="e">20210812</subfield>
   <subfield code="h">938.03 ΘΕΡ</subfield>
   <subfield code="p">00184316</subfield>
   <subfield code="q">00184316</subfield>
   <subfield code="t">LOAN</subfield>
   <subfield code="y">0</subfield>
   <subfield code="4">1</subfield>
  </datafield>
  <datafield tag="960" ind1=" " ind2=" ">
   <subfield code="a">ΑΛΜΠΑΝΗ ΤΑΝΙΑ</subfield>
  </datafield>
 </record>
</collection>
